Āndhrapurāṇamu. (Record no. 63434)

MARC details
000 -LEADER
fixed length control field 00597cam a22002291 4500
001 - CONTROL NUMBER
control field sa 65003921
003 - CONTROL NUMBER IDENTIFIER
control field DLC
005 - DATE AND TIME OF LATEST TRANSACTION
control field 20260227112126.0
008 - FIXED-LENGTH DATA ELEMENTS--GENERAL INFORMATION
fixed length control field 940922s1964 ii 000 0 telo
010 ## - LIBRARY OF CONGRESS CONTROL NUMBER
LC control number sa 65003921
035 ## - SYSTEM CONTROL NUMBER
System control number (OCoLC)31160562
040 ## - CATALOGING SOURCE
Original cataloging agency DLC
Transcribing agency CU
Modifying agency CU
-- DLC
042 ## - AUTHENTICATION CODE
Authentication code premarc
050 00 - LIBRARY OF CONGRESS CALL NUMBER
Classification number PL4780.9.S3428
Item number A7
100 1# - MAIN ENTRY--PERSONAL NAME
Personal name Satyanārāyaṇaśāstri, Madhunāpantula,
Dates associated with a name 1920-1992.
245 10 - TITLE STATEMENT
Title Āndhrapurāṇamu.
260 ## - PUBLICATION, DISTRIBUTION, ETC.
Date of publication, distribution, etc. [1964]
300 ## - PHYSICAL DESCRIPTION
Extent vii, 438 p.
Dimensions 22 cm.
500 ## - GENERAL NOTE
General note In Telugu.
500 ## - GENERAL NOTE
General note A poem.
651 #0 - SUBJECT ADDED ENTRY--GEOGRAPHIC NAME
Geographic name Andhra Pradesh (India)
Form subdivision Poetry.

No items available.

Powered by Koha